Sociálne zabezpečenie
Guardado en:
| Autor principal: | |
|---|---|
| Autor Corporativo: | |
| Otros Autores: | , , , , , |
| Formato: | Libro |
| Lenguaje: | eslovaco |
| Publicado: |
Bratislava
Vydavateľstvo EKONÓM
2013
|
| Materias: | |
| Etiquetas: |
Sin Etiquetas, Sea el primero en etiquetar este registro!
|
MARC
| LEADER | 00000nam a2200000 4500 | ||
|---|---|---|---|
| 001 | 0173675 | ||
| 005 | 20240226122914.8 | ||
| 020 | |a 978-80-225-3631-8 | ||
| 041 | 0 | |a slo | |
| 044 | |a SK | ||
| 245 | 1 | 0 | |a Sociálne zabezpečenie |c Eva Rievajová a kolektív ; recenzenti Stanislav Konečný, Zuzana Kliská |
| 264 | 1 | |a Bratislava |b Vydavateľstvo EKONÓM |c 2013 | |
| 300 | |a 339 s. | ||
| 610 | 2 | 0 | |a zabezpečenie sociálne |
| 610 | 2 | 0 | |a poistenie sociálne |
| 610 | 2 | 0 | |a poistenie nemocenské |
| 610 | 2 | 0 | |a zabezpečenie dôchodkové |
| 610 | 2 | 0 | |a systémy dôchodkové |
| 610 | 2 | 0 | |a porovnanie medzinárodné |
| 610 | 2 | 0 | |a poistenie úrazové |
| 610 | 2 | 0 | |a poistenie garančné |
| 610 | 2 | 0 | |a podpora štátna |
| 610 | 2 | 0 | |a pomoc sociálna |
| 610 | 2 | 0 | |a koordinácia |
| 610 | 2 | 0 | |a Slovensko |
| 100 | 1 | |a Rievajová, Eva | |
| 700 | 1 | |a Husáková, Mária | |
| 700 | 1 | |a Šipikalová, Silvia, 1979- | |
| 700 | 1 | |a Pongráczová, Eva, 1971- | |
| 700 | 1 | |a Sika, Peter, 1975- | |
| 700 | 1 | |a Konečný, Stanislav | |
| 700 | 1 | |a Kliská, Zuzana | |
| 710 | 2 | |a Ekonomická univerzita v Bratislave. Národohospodárska fakulta | |